[Event "Olympiad-41"]
[Site "Tromsoe"]
[Date "2014.08.12"]
[Round "10.1"]
[White "Saric, Ivan"]
[Black "Carlsen, Magnus"]
[Result "1-0"]
[WhiteElo "2671"]
[BlackElo "2877"]
[Annotator "Roiz,Michael"]
[PlyCount "73"]
[EventDate "2014.08.02"]
[EventType "team-swiss"]
[EventRounds "11"]
[EventCountry "NOR"]
[SourceTitle "CBM 162"]
[Source "ChessBase"]
[SourceDate "2014.09.17"]
[SourceVersion "1"]
[SourceVersionDate "2014.09.17"]
[SourceQuality "1"]
[WhiteTeam "Croatia"]
[BlackTeam "Norway"]
[WhiteTeamCountry "CRO"]
[BlackTeamCountry "NOR"]

1. e4 e5 2. Nf3 Nc6 3. Bb5 Nd4 {As often happens, Magnus goes for a side line in order to surprise his opponent.} 4. Nxd4 exd4 5. Bc4 $5 {This time Ivan also deviates from the main stuff in the Bird.} (5. O-O {is much more popular.}) 5... Nf6 6. O-O {This position is important for the theoretical value of White's setup.} d5 (6... Nxe4 $5 {was a principled response. White's chances are preferable in the following complications:} 7. Bxf7+ (7. Re1 d5 8. Bb5+ c6 9. d3 cxb5 10. dxe4 dxe4 11. Rxe4+ Be6 12. Rxd4 Qb6 13. Be3 Bc5 14. Rd3 Bxe3 15. Rxe3 b4 $15 {½-½ Vavulin,M (2377)-Khairullin,I (2651)/St Petersburg RUS 2013 (34)}) 7... Kxf7 8. Qh5+ g6 9. Qd5+ Kg7 10. Qxe4 Qf6 (10... c5 11. d3 d6 12. Re1 Rb8 13. Qf4 Bf5 14. Nd2 $14) 11. d3 c6 12. Bf4 d6 13. Nd2 $14 {1-0 Stevic,H (2588)-Hirneise,T (2440)/Austria 2008/EXT 2009 (39)}) ({RR} 6... Bc5 7. e5 Ng8 8. b4 Bxb4 9. Qg4 Bf8 10. Qxd4 Nh6 11. Nc3 Be7 12. Qe4 c6 13. d4 d5 14. exd6 Qxd6 15. Bxh6 Qxh6 16. Rfe1 Qf6 17. Rab1 g6 18. Qe3 Kf8 19. Ne4 Qh4 20. g3 Qh3 21. Qf4 {Zaichik,G (2500)-Kupreichik,V (2520) Leningrad 1989 1-0}) 7. exd5 Be7 {Perhaps, Magnus was out of his preparation at this point. He comes up with a dubious pawn sacrifice, but it looks like there was no way to equalise anyway.} (7... Nxd5 8. Qh5 c6 9. d3 $1 (9. Qe5+ Be6 10. Qxd4 Bd6 11. Bxd5 O-O 12. Nc3 cxd5 13. d3 Rc8 $44 {0-1 Givon,A (2329)-Jirka,J (2415)/Tel Aviv 2012/CBM 147 Extra (59)}) 9... Be7 10. Nd2 O-O 11. Nf3 Nf6 12. Qh4 Ng4 13. Qg3 $14) 8. Qf3 $146 {An important novelty in a rare position. Black gets some development advantage, but White has a solid extra pawn.} (8. Re1 Nxd5 9. Qh5 c6 10. Bxd5 Qxd5 11. Qxd5 cxd5 12. d3 Be6 13. Nd2 Rc8 14. Nf3 Bf6 $11) ({RR} 8. Re1 O-O 9. c3 Bd7 10. cxd4 c6 11. dxc6 Bxc6 12. Qb3 Re8 13. Bxf7+ Kf8 14. Bxe8 Nxe8 15. Qd3 Nf6 16. Nc3 g6 17. d5 Bd7 18. d6 Ng4 19. dxe7+ {1-0 (19) De Souza,A-Do Nascimento,W Macaiba 2007}) ({RR} 8. c3 Nxd5 9. Qb3 c6 10. cxd4 O-O 11. Bxd5 Qxd5 12. Qxd5 cxd5 13. d3 Bf5 14. Nc3 Rfd8 15. Rd1 Bb4 16. Be3 Rac8 17. Rac1 Bxc3 18. bxc3 b5 19. h3 h5 20. Rb1 Rxc3 21. Rxb5 Ra3 22. Rd2 a6 {Sokolov,A (2449)-Cwiek,R (2137) Illertissen GER 2025 ½-½}) ({RR} 8. c3 Nxd5 9. d3 O-O 10. Re1 Bf6 11. Bd2 b6 12. cxd4 Bb7 13. Nc3 Rb8 14. Qb3 Ne7 15. Be3 Nf5 16. d5 Bxc3 17. bxc3 Ne7 18. Bg5 Re8 19. d6 Qxd6 20. Bxf7+ Kh8 21. Bxe8 Rxe8 22. Qf7 Qc6 {Walter,A (1760)-Muller,A (1860) Loire 2009 1-0 (31)}) 8... Bg4 $6 {Black choosed a wrong order of moves and loses one more central pawn.} (8... O-O {was much better:} 9. d3 Bg4 10. Qf4 b5 $1 {and White has to play precisely in order to keep his edge:} 11. Bxb5 (11. Bb3 Bd6 12. Qxd4 c5 13. Qc3 Re8 $44) 11... Qxd5 12. Bc4 Qd7 13. f3 Bd6 14. Qg5 Be6 15. Nd2 $14) 9. Qf4 O-O (9... Qd7 10. h3 Bf5 11. d3 Nxd5 12. Qxd4 $16) 10. h3 $1 {Now White will grab a pawn in a better version.} ({The text is better than} 10. Qxd4 c6 11. d3 (11. Nc3 b5 12. Bd3 b4 13. Ne4 Nxd5 14. Bc4 $14) 11... cxd5 12. Bb3 Rc8 13. Bg5 $14) 10... Bd6 ({Black also fails to prove any compensation for a pawn after} 10... Bd7 11. Qxd4 b5 12. Be2 $1 (12. Bb3 Bxh3 13. gxh3 c5 14. Qe5 c4 {is less clear}) 12... Bc6 13. Re1 Nxd5 14. Nc3 Nb4 15. Qxd8 Raxd8 16. Bd1 Rfe8 17. d3 $16) 11. Qxd4 c5 (11... Be6 12. Nc3 c6 13. d3 Nxd5 14. Nxd5 cxd5 15. Bb3 $16) 12. Qd3 Bh5 (12... Bd7 13. Nc3 a6 14. a4 Re8 15. Qf3 $16) 13. Nc3 {White is 2 pawns up, but the q-side pieces are still undeveloped, so Black still has some practical chances to complicate matters.} (13. f4 $5 Bg6 14. f5 Bh5 15. Nc3 Re8 16. b3 a6 17. a4 Qe7 18. Ba3 $16 Qe5 $140 19. g3) 13... Re8 (13... Bg6 14. Qf3 Nd7 15. d3 Ne5 16. Qd1 $16) 14. f4 $1 {Ivan is on top again! Now there some problems with the h5 too.} ({The quiet alternative} 14. b3 $6 {wasn't convincing:} a6 15. a4 Qa5 $1 16. Ra2 (16. Bb2 Bg6 17. Qf3 Bxc2 $132) 16... Qc7 17. Bb2 Rad8 $44) 14... a6 15. a4 {Restricting any activity on the q-side.} ({Correctly avoiding} 15. g4 $2 Bg6 16. f5 Nxg4 $1 17. fxg6 fxg6 18. Ne4 (18. hxg4 Qh4 $19) 18... Qh4 19. Nxd6 Re3 20. Qxe3 Nxe3 21. dxe3 Qg3+ 22. Kh1 Qxh3+ $11) 15... Qd7 (15... Bg6 16. Qf3 Bxc2 17. d3 Bxa4 18. Rxa4 b5 19. Nxb5 axb5 20. Bxb5 Rxa4 21. Bxa4 Re7 22. Bb5 Rb7 23. Bc4 $18) (15... Qa5 16. Ra3 h6 17. g4 Bg6 18. f5 Bh7 19. Qf3 Nd7 20. d3 Ne5 21. Qg2 $18) 16. Qg3 {Now White needs just 2 tempi to complete the development by d2-d3 and c1-d2.} Ne4 (16... Re7 17. d3 Rae8 18. Bd2 Qc7 19. a5 $18) 17. Nxe4 Rxe4 18. b3 (18. d3 $5 {is worthy of attention:} Re2 19. d4 (19. Qh4 Bg6 20. Qg4 Qxg4 21. hxg4 f5 $16) 19... Re4 20. Bd3 Rxd4 21. Be3 Rxd5 22. Be4 Be7 23. Bxd5 Qxd5 24. f5 $16) 18... Qc7 $6 {A decisive mistake.} (18... Bg6 {was called for:} 19. Bb2 Qc7 20. Rae1 (20. Qc3 f6 21. Rae1 Rae8 22. Rxe4 Rxe4 23. f5 Bf7 $16) 20... Bxf4 21. Qf3 Rae8 22. Rxe4 Rxe4 23. Bd3 Bh2+ 24. Kh1 Re7 $16) 19. d3 Re2 (19... Ree8 20. Qf2 f6 21. Be3 Bf7 22. a5 $18) 20. Qg5 $18 {Provoking Black's next move.} g6 ({After} 20... Bg6 21. f5 Re5 22. Bb2 f6 23. Qg4 $18 {White's material advantage is too big.}) 21. Bb2 {Now the g8 is in trouble.} (21. g4 {was also good enough:} Rxc2 22. gxh5 Re8 23. hxg6 hxg6 24. Qg3 Ree2 25. Be3 $18) 21... Be7 {A sad necessity.} (21... Rxc2 {is just as hopeless:} 22. Qf6 Rxb2 23. Qxb2 Bxf4 24. d6 Qxd6 25. Bxf7+ Kxf7 26. Rxf4+ Qxf4 27. Rf1 $18) 22. Bf6 ({Another nice way was} 22. d6 Qxd6 23. Qe5 $1 Rxe5 24. Bxf7+ Kf8 25. fxe5 Qc7 26. Bxg6+ Kg8 27. Bxh5 $18) 22... h6 23. Be5 $1 {The final touch. Black cannot avoid simplifications.} Qd8 (23... hxg5 24. Bxc7 gxf4 25. Rxf4 Rxc2 26. g4 g5 27. Rf3 Bg6 28. d6 $18) 24. Qxh6 Rxe5 25. d6 ({Of course, not} 25. fxe5 $2 Bg5 {and the queen is trapped.}) 25... Re2 26. dxe7 Qxe7 (26... Qd4+ 27. Kh1 Rxe7 28. f5 $18) 27. f5 Qh4 {At this moment White has a lot of winning continuations.} 28. Qf4 {Liquidating into a completely winning endgame.} (28. fxg6 Rxg2+ 29. Kxg2 Bf3+ 30. Rxf3 Qxh6 31. gxf7+ Kh7 32. Raf1 $18) (28. Bxf7+ Kxf7 29. fxg6+ Ke6 30. g7+ Kd7 31. Rf7+ Re7 32. Rxe7+ Kxe7 33. Rf1 $18) 28... g5 29. Qxh4 gxh4 30. Rf4 Rxc2 31. Rxh4 Be2 32. Re4 {The rest is just an agony.} Rd2 (32... Kf8 33. Re1 b5 34. axb5 axb5 35. Bxb5 (35. R4xe2 Rxe2 36. Rxe2 bxc4 37. dxc4 $18) 35... Raa2 36. f6 $18) 33. Re7 Bxd3 34. Bxf7+ Kf8 35. f6 Rd8 (35... Re2 36. Bg6 $1 Rxe7 37. fxe7+ Kxe7 38. Bxd3 $18) 36. Bh5 Kg8 37. Re8+ 1-0

[Event "Sinquefield Cup 2nd"]
[Site "Saint Louis"]
[Date "2014.08.27"]
[Round "1"]
[White "Vachier Lagrave, Maxime"]
[Black "Carlsen, Magnus"]
[Result "1/2-1/2"]
[WhiteElo "2768"]
[BlackElo "2877"]
[Annotator "Postny,Evgeny"]
[PlyCount "75"]
[EventDate "2014.08.27"]
[EventType "tourn"]
[EventRounds "10"]
[EventCountry "USA"]
[EventCategory "23"]
[SourceTitle "CBM 162"]
[Source "ChessBase"]
[SourceDate "2014.09.17"]
[SourceVersion "1"]
[SourceVersionDate "2014.09.17"]
[SourceQuality "1"]

1. e4 e5 2. Nf3 Nc6 3. d4 exd4 4. Nxd4 Bc5 5. Nb3 {A common line nowaday where White normally castles to the queenside, heading for sharp play.} Bb6 6. Nc3 Nf6 7. Qe2 a5 {A standard push, but in this particular position very rare. The main continuations are 7...d6 and 7...0-0.} 8. e5 $146 {A principled novelty, but both players continued to play quickly, clearly having the variation analysed until a certain point.} (8. a4 O-O (8... Nb4 9. Bg5 h6 10. Bh4 d6 11. O-O-O Qe7 12. f3 Bd7 13. Kb1 g5 $6 14. Bf2 Bxf2 15. Qxf2 Be6 16. Nd4 $16 {½-½ (81) Volokitin,A (2687)-Eljanov,P (2707) Kiev 2013}) 9. Be3 d5 10. Bxb6 cxb6 11. O-O-O Re8 12. f3 Bd7 13. Qf2 dxe4 14. fxe4 Rc8 $15 {1-0 (49) Carlsson,P (2485)-Hector,J (2483) Borlange 2014}) 8... O-O $1 {This sacrifice is forced. Things are getting exciting from the very beginning.} 9. exf6 a4 10. Nd5 (10. fxg7 $2 {would lose a crucial tempo. The white pawn on g7 actually contributes to the defence of Black's monarch.} Re8 11. Be3 axb3 12. cxb3 Nd4 13. Qh5 Ra5 $1 (13... Nc2+ $2 14. Kd2 Ra5 (14... Nxa1 $4 15. Bd3 $18) 15. Nb5 Nb4 16. Bg5 f6 17. Bxf6 Qxf6 18. Qxe8+ Kxg7 19. Kd1 Rxb5 20. Bxb5 Qd4+ 21. Kc1 Qf4+ 22. Kd1 Qd4+ $11) 14. Nb5 (14. Nd5 Nc2+ 15. Kd2 Nb4 16. Bc4 Nxd5 17. Bxd5 Qf6 18. Bxb6 cxb6 $19) 14... Rxe3+ $1 15. fxe3 Qe7 16. O-O-O Nxb5 17. Bd3 Bxe3+ (17... Qc5+ 18. Qxc5 Bxc5) 18. Rd2 h6 19. Qf5 Bxd2+ 20. Kxd2 {Otherwise, White will lose his queen after the knight's check.} Qg5+ 21. Qxg5 hxg5 22. Bxb5 Rxb5 23. Re1 Kxg7 24. Re8 Ra5 25. Rxc8 Rxa2 26. Kc2 Ra6 $1 27. Rxc7 Rc6+ 28. Rxc6 bxc6 $19) 10... Re8 11. Be3 axb3 12. Qg4 g6 13. Bc4 $1 {Development above all!} Nb4 $1 {The preparation probably ended somewhere here, as from this point players started to consume more time. Magnus found the right way to complete his development with the temporary pieece sacrifice.} (13... bxc2 14. O-O d6 15. Qf4 Re5 16. Nxb6 cxb6 17. Bxb6 $1 Qf8 {is unlikely to be good for Black.}) 14. Nxb4 d5 15. Qf4 (15. Qg5 dxc4 16. Nd5 Bc5 $1 {It is necessary to bring the bishop into defence.} 17. cxb3 cxb3 18. O-O h6 19. Qxh6 Bf8 20. Qg5 bxa2 21. Rfd1 {The queen has no square to hide, but Black will get enough material for it.} Bf5 22. h4 Ra6 23. Ne7+ Bxe7 24. Rxd8 Bxd8 25. Bd4 Bb1 {Black is not worse.}) 15... dxc4 16. O-O bxc2 17. Nd5 $146 {Back to the key square.} (17. Bxb6 cxb6 18. Nd5 Re6 19. Qxc4 Kh8 20. Qxc2 $1 Qxd5 $2 (20... Rd6 $1 {must be played.} 21. Nc3 Bf5 22. Qb3 Qxf6 $11) 21. Rad1 Qe5 22. Rd8+ Re8 23. Qc7 $1 Qe6 24. h4 $1 {A remarkable position. White is a piece down, but dominating.} (24. Rfd1 $2 Bd7 25. Qxd7 Raxd8 26. Qxd8 h5 {Compared to the line 24.h4 White can't now play 27.d7 in view of the mate on the back rank. The queen must go back to d3 or d2 and White loses his extra pawn.}) 24... Kg8 25. Rfd1 Bd7 $8 26. Qxd7 Raxd8 27. Qxd8 h5 28. Qd7 $16) ({RR} 17. Bxb6 cxb6 18. Nd5 Re6 19. Qxc4 Kh8 20. Qxc2 Rd6 21. Ne3 Qxf6 22. Rfd1 Rxd1+ 23. Rxd1 Be6 24. b3 Kg8 25. h3 Qe5 26. Qd2 h5 27. Nc4 Bxc4 28. bxc4 b5 29. cxb5 {½-½ (29) Saric,I (2692)-Malakhov,V (2654) Zagreb 2018}) 17... Re6 {Now the queen can protect the king from f8.} 18. Qxc4 Bxe3 19. fxe3 b5 $1 20. Qc5 Bb7 21. Ne7+ Kh8 (21... Rxe7 22. fxe7 Qd2 23. Rf2 Qd1+ 24. Rf1 Qd2 {could force a repetition, but Carlsen is playing for a win.}) 22. Qxc2 Raa6 {Black has managed to develop both his rooks via the sixth rank. There is a lot of unusual stuff in this game!} 23. Rac1 $6 {It's tempting to attack the c7, but it was more important to fight for the d-file.} (23. Rad1 Rad6 24. Qb3 Rd2 25. Rxd2 Qxd2 26. Rf2 Qe1+ 27. Rf1 Qe2 28. Rf2 $11) 23... Rxf6 24. Rxf6 Rxf6 25. Qxc7 Qd2 $6 {Just missed the square.} (25... Qd3 $1 26. Qc3 Qxc3 27. Rxc3 Rd6 28. Rc7 Be4 {Black is a pawn down at the moment but seriously pressing. The rook is penetrating to d2, while the white knight is dominated by the bishop.}) 26. Qb8+ {Now the game is going to end in a spectacular draw.} Kg7 27. Qg8+ Kh6 28. Qf8+ Kh5 29. Rc5+ g5 30. Rxg5+ $1 Kxg5 (30... Kh4 31. g3+ Kh3 $2 {would lose to a long sequence of checks.} (31... Kxg5 32. Qg7+ Rg6 33. Qe5+ {leads to the same perpetual as in the game. The inclusion of the move g2-g3 is of no significance.}) 32. Rh5+ Kg4 33. Qg7+ $1 (33. Rh4+ $4 Kf3 {and Black is mating!}) 33... Kxh5 34. g4+ Kh4 35. Qxf6+ Kh3 36. Qh6+ Kxg4 37. Qf4+ Kh5 38. Qxf7+ Kh6 39. Qf6+ Kh5 40. Qe5+ $1 Kh6 41. Nf5+ Kg6 42. Qe6+ Kg5 43. Qh6+ Kg4 44. h3+ Kxf5 45. e4+ {winning the queen.}) 31. Qg7+ Rg6 32. Qe5+ f5 (32... Kh6 33. Nf5+ Kh5 34. Ng3+ Kh6 35. Nf5+ {is another version of perpetual check.}) 33. h4+ Kh5 34. Qxf5+ Kh6 35. Qf8+ Kh5 36. Qf5+ Kh6 37. Qf8+ Kh5 38. Qf5+ {[%mdl 64] Great game by both players!} 1/2-1/2

[Event "Sinquefield Cup 2nd"]
[Site "Saint Louis"]
[Date "2014.08.28"]
[Round "2"]
[White "Nakamura, Hikaru"]
[Black "Carlsen, Magnus"]
[Result "1/2-1/2"]
[WhiteElo "2787"]
[BlackElo "2877"]
[Annotator "Ramirez Alvarez,Alejandro"]
[PlyCount "64"]
[EventDate "2014.08.27"]
[EventType "tourn"]
[EventRounds "10"]
[EventCountry "USA"]
[EventCategory "23"]
[SourceTitle "CBM 162"]
[Source "ChessBase"]
[SourceDate "2014.09.17"]
[SourceVersion "1"]
[SourceVersionDate "2014.09.17"]
[SourceQuality "1"]

1. e4 e5 2. Nf3 Nc6 3. Bb5 g6 {Not the usual choice for Carlsen. The 3...g6 variations are much sharper than the normal Breyer or Berlin type of Spanish positions. Interestingly, Nakamura used this recently against Anand with black.} 4. O-O Bg7 5. c3 a6 6. Ba4 (6. Bxc6 dxc6 7. d4 exd4 8. cxd4 Ne7 9. h3 O-O 10. Nc3 h6 $11 {Anand-Nakamura, 2013}) 6... d6 7. d4 Bd7 8. d5 {Closing the position is one of two approaches the situation; by closing the position White gains space, but Black will be able to push f5 quickly.} (8. Re1 {is a completely different approach to the position.}) 8... Nce7 9. Bxd7+ (9. c4 {is, in my humble opinion, a more accurate move order. It also scores better.}) 9... Qxd7 10. c4 h6 (10... f5 $6 11. Ng5 {emphasizes the weakness of e6.}) 11. Nc3 f5 12. Nd2 Nf6 13. f3 O-O 14. b4 c6 (14... g5 $5 {Was an old game between Sax-Smyslov... such legends!}) 15. dxc6 {It's hard to understand the desire to simplify the tension so quickly. Black obtains quick activity and access to the d4 square. However maybe there was no satisfactory alternative.} (15. Bb2 b5 {starts becoming dangerous for White.}) ({RR} 15. Bb2 g5 16. Qe2 f4 17. a4 g4 18. a5 Ng6 19. Kf2 Kh8 20. Ke1 Rg8 21. Kd1 Bf8 22. Kc2 Be7 23. Kb3 gxf3 24. Nxf3 Rg7 25. Rad1 Rag8 26. Rd2 Qc7 27. Na4 Nd7 28. Qf2 c5 29. Bc3 cxb4 {Bagwe,G (2348)-Assaubayeva,B (2469) Doha QAT 2023 0-1 (50)}) 15... Nxc6 $146 ({RR} 15... bxc6 16. Nb3 fxe4 17. Nxe4 Qa7+ 18. Kh1 d5 19. Nxf6+ Rxf6 20. cxd5 cxd5 21. Bb2 Rf5 22. Rc1 Qb6 23. a3 h5 24. Re1 Ra7 25. Rc2 d4 26. Na5 Kh7 27. Rc5 Rd7 28. Qd3 Qf6 29. Qe4 Rf4 30. Qd3 {Somlai,L (2380)-Zoler,D (2285) Arnhem 1990 ½-½ (51)}) 16. a3 Nd4 17. Bb2 Rac8 {Black has good pressure, but White is banking on his superior pawn structure to win in the long run.} 18. Ne2 Nh5 $5 {This involves a pawn sacrifice!} (18... Ne6 {is more sedate, and about equal:} 19. exf5 gxf5 20. Qb3 $13) 19. Nxd4 exd4 20. exf5 {Tha pawn cannot be taken, but that is still ok.} Nf4 $1 {Diagram [#]} (20... gxf5 $6 21. Nb3 Rxc4 22. Qd2 $1 {White will regain the d4 pawn and his structure is much superior.}) (20... Qxf5 21. g4 Qg5 22. Ne4 Qe3+ 23. Kh1 d3 24. Bxg7 Nxg7 25. Nxd6 $16) 21. f6 $1 {A good practical decision.} (21. fxg6 Rf6 $1 {Gives black more than enough compensation. Practically it is difficult to defend this position.}) 21... Bxf6 22. g3 Nh3+ 23. Kg2 $6 (23. Kh1 {was safer, there is no reason to tempt Qh3+.} Ng5 24. Nb3 Rxc4 25. Qd3 Qf7 26. Bxd4 {was maybe a little better for White.}) 23... Ng5 24. Qb1 Kh7 25. Qd3 {White retains the better pawn structure; Black has to act quickly before his initiative evaporates.} Be5 $1 {Putting pressure on the kingside is mandatory.} 26. Rae1 {Accepting the draw.} (26. f4 Qh3+ 27. Kh1 Rxf4 28. Rxf4 Bxf4 29. Re1 {gives Black some problems.}) 26... Bxg3 27. hxg3 Qh3+ {There is nothing better than perpetual for both sides.} 28. Kg1 Qxg3+ 29. Kh1 Qh4+ 30. Kg2 Qh3+ 31. Kg1 Qg3+ 32. Kh1 Qh3+ (32... Rf4 $2 33. Re7+ Nf7 34. Rxf7+ Rxf7 35. Ne4 {allows White to consolidate and have the better position.}) 1/2-1/2